Les personnages de Thor : Le Monde des ténèbres - #8 - Statistiques

Statistiques générales
  • Ce quiz a été pris 5 fois
  • Le résultat moyen est 11 sur 14
Statistiques - réponses
Réponse % Correct
Jane Foster
100%
Loki
100%
Thor
100%
Darcy Lewis
75%
Erik Selvig
75%
Fandral
75%
Frigga
75%
Heimdall
75%
Odin
75%
Sif
75%
Volstagg
75%
Hogun
50%
Malekith
50%
Taneleer Tivan / Le Collectionneur
50%
Aucun quiz correspondant
Distribution des résultats
% des personnes avec chaque résultat
Percentile par nombre de réponses
Votre historique - résultats
Vous n’avez pas pris ce quiz